Ethnobotany of the Lega in the tropical rain forest of eastern Zaire (Record no. 42543)

MARC details
000 -LEADER
fixed length control field 00809nam a2200193 a 4500
008 - FIXED-LENGTH DATA ELEMENTS--GENERAL INFORMATION
fixed length control field 060922s1991 ||||||||||||||||| || u
050 ## - LIBRARY OF CONGRESS CALL NUMBER
Classification number KYO-UNI(05)ASM/91/15
100 ## - MAIN ENTRY--PERSONAL NAME
Personal name Terashima, Hideaki
245 10 - TITLE STATEMENT
Title Ethnobotany of the Lega in the tropical rain forest of eastern Zaire
Statement of responsibility, etc. by Hideaki Terashima, Seya Kalala and Ngandu Malasi
246 ## - VARYING FORM OF TITLE
Title proper/short title part one, Zone De Mwenga
260 ## - PUBLICATION, DISTRIBUTION, ETC.
Place of publication, distribution, etc. Kyoto
Name of publisher, distributor, etc. Kyoto University
Date of publication, distribution, etc. 1991
350 ## - PRICE (NR) (BK AM CF MU VM SE) [OBSOLETE]
Price 0.00
490 ## - SERIES STATEMENT
Series statement African Study Monographs
650 ## - SUBJECT ADDED ENTRY--TOPICAL TERM
Topical term or geographic name entry element BOTANY
650 ## - SUBJECT ADDED ENTRY--TOPICAL TERM
Topical term or geographic name entry element LEGA--ETHNOBOTANY--DEMOCRATIC REPUBLIC OF CONGO (DRC)
700 ## - ADDED ENTRY--PERSONAL NAME
Personal name Kalala, Seya
700 ## - ADDED ENTRY--PERSONAL NAME
Personal name Malasi, Ngandu
995 ## - RECOMMENDATION 995 [LOCAL, UNIMARC FRANCE]
-- 0.00
-- CBU-MAIN LIBRARY (Kitwe)
-- 1
-- 0.00
-- 15
-- AVAILABLE
-- Sep 22, 2006
-- International Publications
Holdings
Withdrawn status Lost status Source of classification or shelving scheme Damaged status Not for loan Home library Current library Shelving location Date acquired Total Checkouts Full call number Barcode Date last seen Price effective from Koha item type
          CBU-MAIN LIBRARY, KITWE. CBU-MAIN LIBRARY, KITWE.   11/30/2022   KYO-UNI(05)ASM/91/15 Z03001137 11/30/2022 11/30/2022 MONOGRAPH